Lược sử nghệ thuật Khmer Tập 1
Tallennettuna:
| Aineistotyyppi: | Kirja |
|---|---|
| Kieli: | Undetermined |
| Julkaistu: |
H.
|
| Tagit: |
Lisää tagi
Ei tageja, Lisää ensimmäinen tagi!
|
| Thư viện lưu trữ: | Trung tâm Học liệu Trường Đại học Cần Thơ |
|---|
| LEADER | 00348nam a2200121Ia 4500 | ||
|---|---|---|---|
| 001 | CTU_151698 | ||
| 008 | 210402s9999 xx 000 0 und d | ||
| 020 | |c 20000 | ||
| 082 | |a 790.0899593 | ||
| 082 | |b L557/T.1 | ||
| 245 | 0 | |a Lược sử nghệ thuật Khmer Tập 1 | |
| 260 | |a H. | ||
| 980 | |a Trung tâm Học liệu Trường Đại học Cần Thơ | ||